| 000 | 00807 a2200205 4500 | ||
|---|---|---|---|
| 003 | UA-OsUOA | ||
| 005 | 20260506134633.0 | ||
| 008 | 260506b un ||||| |||| 00| 0 ukr d | ||
| 040 |
_aUA-OsUOA _beng _cUA-OsUOA _dUA-OsUOA |
||
| 041 | _aeng | ||
| 080 | _a2-18 | ||
| 090 |
_a2-18 _bO-61 |
||
| 245 |
_aThe Ontological Argument. From St. Anselm to Contemporary Philosophers _cedited by Alvin Plantinga ; with an Introduction by Richard Taylor |
||
| 260 |
_bAnchor Books ; _bDoubleday & Company, Inc. _c1965 _aGarden City, New York |
||
| 300 | _a180 p. | ||
| 650 |
_2 UDC _a2-18 Людина. Людство. Рід людський. Догматична антропологія _925187 |
||
| 942 |
_cBK _2udc |
||
| 955 | _a1 | ||
| 999 |
_c580655 _d580655 |
||